Welcome to CU Library Online Public Access Catalogue (OPAC)

THE HOUR THAT CHANGES THE WORLD (Record no. 6152)

MARC details
000 -LEADER
fixed length control field 00412nam a22001457a 4500
005 - DATE AND TIME OF LATEST TRANSACTION
control field 20250602155153.0
008 - FIXED-LENGTH DATA ELEMENTS--GENERAL INFORMATION
fixed length control field 250602b |||||||| |||| 00| 0 eng d
020 ## - INTERNATIONAL STANDARD BOOK NUMBER
International Standard Book Number 0801033373
050 ## - LIBRARY OF CONGRESS CALL NUMBER
Classification number BV 215
Item number EAS
100 ## - MAIN ENTRY--PERSONAL NAME
Personal name EASTMAN, DICK
245 ## - TITLE STATEMENT
Title THE HOUR THAT CHANGES THE WORLD
Remainder of title A PRACTICAL PLAN FOR PERSONAL PRAYER
260 ## - PUBLICATION, DISTRIBUTION, ETC.
Place of publication, distribution, etc. MICHIGAN
Name of publisher, distributor, etc. BAKER BOOK HOUSE
Date of publication, distribution, etc. c1985
300 ## - PHYSICAL DESCRIPTION
Extent 174p.;
Other physical details ills
942 ## - ADDED ENTRY ELEMENTS (KOHA)
Source of classification or shelving scheme Library of Congress Classification
Koha item type Books
Suppress in OPAC No
999 ## -
-- 6152
-- 6152
Holdings
Withdrawn status Lost status Source of classification or shelving scheme Damaged status Not for loan Collection Home library Current library Shelving location Date acquired Total checkouts Full call number Barcode Date last seen Copy number Price effective from Koha item type
    Library of Congress Classification     Non-fiction Undergraduate Library (Christ Temple) Undergraduate Library (Christ Temple) General stacks 06/02/2025   BV 215 EAS ulct00002854 06/02/2025 1 06/02/2025 Books
© 2023-2024 Copyright: Central University Libraries. All Rights Reserved | Created by: Mahone Tech Office